| 000 | 00811nam a2200229 i 4500 | ||
|---|---|---|---|
| 001 | 166857 | ||
| 003 | ES-MaACL | ||
| 005 | 20251011063151.0 | ||
| 008 | 971006s1890 sp |||| | spa d | ||
| 040 |
_aAR _bspa _cAR |
||
| 080 | _a821.134.2-36"18" | ||
| 100 | 1 |
_aValbuena, Antonio de, _d1844-1929 _9112452 |
|
| 245 | 1 | 0 |
_aRipios académicos / _cpor Antonio de Valbuena (Venancio González). |
| 260 |
_aMadrid : _bLa España Editorial, _c1890 ( _fImp. de J. Cruzado) |
||
| 300 |
_a264 p. ; _c19 cm. |
||
| 530 | _aDisponible en formato digital. | ||
| 596 | _aAño en cub.: 1890. | ||
| 596 | _aFecha tomada de colofón. | ||
| 852 |
_aES-MaACL _jF-10852 _z-- Enc. hol. |
||
| 856 |
_uhttp://bdh-rd.bne.es/viewer.vm?id=0000092267&page=1 _zBiblioteca Digital Hispánica |
||
| 999 |
_c166857 _d166857 |
||